|
|
|
|
| LEADER |
00000cam a2200000 7i4500 |
| 001 |
0000014049 |
| 005 |
20080219.0 |
| 008 |
080218 |
| 020 |
|
|
|a 0060851538
|
| 090 |
0 |
0 |
|a 422
|b QUI
|
| 100 |
0 |
|
|a Quinion, Michael
|
| 245 |
1 |
0 |
|a Ballyhoo, buckaroo, and spuds :
|b ingenious tales of words and their origins
|c Michael Quinion
|
| 260 |
|
|
|a New York :
|b Collins ,
|c 2006
|
| 650 |
|
0 |
|a English language
|x Etymology
|
| 999 |
|
|
|a 0001012797
|b Book
|c Adult Collection
|e Cawangan Segamat
|
| 999 |
|
|
|a 0001012798
|b Book
|c Adult Collection
|e Cawangan Tmn. Ungku Tun Aminah
|
| 999 |
|
|
|a 0001012799
|b Book
|c Adult Collection
|e Perbadanan Perpustakaan Awam Johor
|